| 000 | 00519nam a22001817a 4500 | ||
|---|---|---|---|
| 003 | OST | ||
| 005 | 20140310182201.0 | ||
| 008 | 130902t xxu||||| |||| 00| 0 eng d | ||
| 020 | _a9789715115025 | ||
| 050 |
_aBX 895 _bD715 1975 |
||
| 082 |
_aHS 793.73 _bD73 1975 |
||
| 100 |
_aBible crossword puzzles _916248 |
||
| 245 |
_aBible crossword puzzles: _cTeddy Doromal Jr. |
||
| 260 |
_aManila, Philippines : _bOMF Literature Inc, _cc1997. |
||
| 300 |
_a32 p. : _bill. ; _c21 cm. |
||
| 942 |
_2lcc _cHS |
||
| 999 |
_c10213 _d10213 |
||